The ages of Gaia : (Record no. 87808)

MARC details
000 -LEADER
campo de control de longitud fija 00821cam a2200265 4500
001 - NÚMERO DE CONTROL
campo de control 13410
005 - FECHA Y HORA DE LA ÚLTIMA TRANSACCIÓN
campo de control 20230410132805.0
008 - DATOS DE LONGITUD FIJA--INFORMACIÓN GENERAL
campo de control de longitud fija 060907s1990 nyu gr eng
020 ## - NÚMERO INTERNACIONAL ESTÁNDAR DEL LIBRO
Número Internacional Estándar del Libro 0553348167
035 ## - NÚMERO DE CONTROL DEL SISTEMA
-- funglode13525
041 ## - CÓDIGO DE IDIOMA
Código de lengua del texto/banda sonora o título independiente eng
050 14 - SIGNATURA TOPOGRÁFICA DE LA BIBLIOTECA DEL CONGRESO
Número de clasificación QH 331
Número de ítem L911a 1990
082 04 - NÚMERO DE LA CLASIFICACIÓN DECIMAL DEWEY
Número de clasificación 575/.01
Número de edición 20
100 1# - ENTRADA PRINCIPAL--NOMBRE DE PERSONA
Nombre de persona Lovelock, James,
Fechas asociadas al nombre 1919-
245 14 - MENCIÓN DEL TÍTULO
Título The ages of Gaia :
Resto del título a biography of our living earth /
Mención de responsabilidad, etc. by James Lovelock ; [foreword by Lewis Thomas].
250 ## - MENCION DE EDICION
Mención de edición Bantam ed.
260 ## - PUBLICACIÓN, DISTRIBUCIÓN, ETC.
Lugar de publicación, distribución, etc. New York :
Nombre del editor, distribuidor, etc. Bantam Books,
Fecha de publicación, distribución, etc. 1990
300 ## - DESCRIPCIÓN FÍSICA
Extensión xix, 252 p. :
Otras características físicas ill. ;
Dimensiones 21 cm.
490 0# - MENCIÓN DE SERIE
Mención de serie The Commonwealth Fund Book Program
504 ## - NOTA DE BIBLIOGRAFÍA, ETC.
Nota de bibliografía, etc. Includes bibliographical references (p. 239-244) and index.
650 #0 - PUNTO DE ACCESO ADICIONAL DE MATERIA--TÉRMINO DE MATERIA
Término de materia o nombre geográfico como elemento de entrada Biology
Subdivisión general Philosophy.
650 #0 - PUNTO DE ACCESO ADICIONAL DE MATERIA--TÉRMINO DE MATERIA
Término de materia o nombre geográfico como elemento de entrada Biosphere.
650 #0 - PUNTO DE ACCESO ADICIONAL DE MATERIA--TÉRMINO DE MATERIA
Término de materia o nombre geográfico como elemento de entrada Life (Biology)
942 ## - ELEMENTOS DE ENTRADA SECUNDARIOS (KOHA)
Fuente del sistema de clasificación o colocación Clasificación de Library of Congress
Tipo de ítem Koha
Holdings
Estatus retirado Estado de pérdida Fuente del sistema de clasificación o colocación Estado de daño No para préstamo Colección Biblioteca de origen Biblioteca actual Ubicación en estantería Fecha de adquisición Serial enumeration / chronology Signatura topográfica completa Código de barras Visto por última vez Tipo de ítem Koha
    Clasificación de Library of Congress     Humanidades Biblioteca Juan Bosch Biblioteca Juan Bosch Humanidades (4to. Piso) 25/10/2018 1 QH 331 L911a 1990 00000011533 25/10/2018